[Event "Silkway Cup"]
[Site "T#646345FIDE"]
[Date "2020.05.28"]
[Round "13"]
[White "Sadikhov_Ulvi"]
[Black "Misi_95"]
[Result "0-1"]
[WhiteElo "2250"]
[BlackElo "1898"]
[Annotator "NA"]
[PlyCount "104"]
[EventDate "2020.05.28"]
[EventType "swiss (blitz)"]

1. e4 {[%emt 0:00:02]} c5 {[%emt 0:00:03]} 2. Nf3 {[%emt 0:00:01]} Nc6 {[%emt 0:00:01]} 3. d4 {[%emt 0:00:03]} cxd4 {[%emt 0:00:01]} 4. Nxd4 {[%emt 0:00:00]} Nf6 {[%emt 0:00:02]} 5. Nc3 {[%emt 0:00:01]} d6 {[%emt 0:00:01]} 6. g3 {[%emt 0:00:01]} Bd7 {[%emt 0:00:11]} 7. Bg2 {[%emt 0:00:01]} g6 {[%emt 0:00:01]} 8. O-O {[%emt 0:00:02]} Bg7 {[%emt 0:00:01]} 9. Nde2 {[%emt 0:00:08]} O-O {[%emt 0:00:02]} 10. h3 {[%emt 0:00:03]} a6 {[%emt 0:00:03]} 11. Be3 {[%emt 0:00:05]} b5 {[%emt 0:00:03]} 12. Nd5 {[%emt 0:00:03]} Nxd5 {[%emt 0:00:13]} 13. exd5 {[%emt 0:00:01]} Ne5 {[%emt 0:00:00]} 14. b3 {[%emt 0:00:13]} Bc8 {[%emt 0:00:52]} 15. Nd4 {[%emt 0:00:59]} Qc7 {[%emt 0:00:04]} 16. f4 {[%emt 0:00:15]} Nd7 {[%emt 0:00:02]} 17. Nc6 {[%emt 0:00:06]} Re8 {[%emt 0:00:20]} 18. Bd4 {[%emt 0:00:06]} Nf6 {[%emt 0:00:09]} 19. c4 {[%emt 0:00:27]} bxc4 {[%emt 0:00:07]} 20. bxc4 {[%emt 0:00:01]} Bb7 {[%emt 0:00:01]} 21. Rb1 {[%emt 0:00:03]} Rac8 {[%emt 0:00:43]} 22. Qb3 {[%emt 0:00:05]} Ba8 {[%emt 0:00:06]} 23. Qc3 {[%emt 0:00:09]} Nh5 {[%emt 0:00:27]} 24. Bxg7 {[%emt 0:00:08]} Nxg7 {[%emt 0:00:00]} 25. g4 {[%emt 0:00:03]} e6 {[%emt 0:00:04]} 26. Rb2 {[%emt 0:00:10]} h5 {[%emt 0:00:02]} 27. Rfb1 {[%emt 0:00:05]} hxg4 {[%emt 0:00:08]} 28. hxg4 {[%emt 0:00:01]} Bxc6 {[%emt 0:00:01]} 29. dxc6 {[%emt 0:00:01]} d5 {[%emt 0:00:01]} 30. cxd5 {[%emt 0:00:25]} exd5 {[%emt 0:00:03]} 31. Bxd5 {[%emt 0:00:04]} Ne6 {[%emt 0:00:02]} 32. Qf3 {[%emt 0:00:06]} Qd6 {[%emt 0:00:05]} 33. Rb7 {[%emt 0:00:03]} Rcd8 {[%emt 0:00:07]} 34. Bxe6 {[%emt 0:00:03]} Rxe6 {[%emt 0:00:00]} 35. c7 {[%emt 0:00:01]} Rc8 {[%emt 0:00:01]} 36. Rd1 {[%emt 0:00:02]} Qc5+ {[%emt 0:00:01]} 37. Qf2 {[%emt 0:00:02]} Rxc7 {[%emt 0:00:02]} 38. Rd8+ {[%emt 0:00:04]} Kg7 {[%emt 0:00:01]} 39. Qxc5 {[%emt 0:00:01]} Rxc5 {[%emt 0:00:01]} 40. Rd4 {[%emt 0:00:01]} Rc2 {[%emt 0:00:02]} 41. Rb1 {[%emt 0:00:02]} Ree2 {[%emt 0:00:01]} 42. f5 {[%emt 0:00:01]} Rg2+ {[%emt 0:00:01]} 43. Kf1 {[%emt 0:00:01]} Rh2 {[%emt 0:00:01]} 44. Kg1 {[%emt 0:00:01]} Rhg2+ {[%emt 0:00:02]} 45. Kf1 {[%emt 0:00:00]} Rcf2+ {[%emt 0:00:01]} 46. Ke1 {[%emt 0:00:01]} gxf5 {[%emt 0:00:00]} 47. gxf5 {[%emt 0:00:01]} Rxf5 {[%emt 0:00:00]} 48. Rb6 {[%emt 0:00:03]} Rh5 {[%emt 0:00:02]} 49. Rf4 {[%emt 0:00:02]} Rxa2 {[%emt 0:00:02]} 50. Rf1 {[%emt 0:00:03]} Ra1+ {[%emt 0:00:03]} 51. Ke2 {[%emt 0:00:02]} Rh2+ {[%emt 0:00:01]} 52. Rf2 {[%emt 0:00:01]} Ra2+ {[%emt 0:00:01] Sadikhov_Ulvi resigns (Lag: Av=0.40s, max=0.6s)} 0-1

[Event "Silkway Cup"]
[Site "T#646345FIDE"]
[Date "2020.05.28"]
[Round "13"]
[White "Shak"]
[Black "Oligarkh"]
[Result "1/2-1/2"]
[WhiteElo "2248"]
[BlackElo "2740"]
[Annotator "TA"]
[PlyCount "85"]
[EventDate "2020.05.28"]
[EventType "swiss (blitz)"]

{[%evp 12,85,27,27,52,41,49,52,52,51,36,27,52,60,63,54,68,66,58,56,76,59,83,73,90,44,56,0,63,50,48,43,104,97,114,68,89,84,98,100,97,91,91,93,84,91,91,48,48,48,48,48,48,48,55,0,31,0,0,0,0,0,0,0,0,0,0,0,0,0,0,0,0,0,0,0]} 1. d4 d5 2. c4 c6 3. Nf3 Nf6 4. Qb3 g6 5. Bf4 Bg7 6. e3 O-O 7. Nc3 Na6 {[%cal Bb8a6,Ba6c7,Bc7d5][%mdl 32] D93: Grünfeld: 4 Nf3 Bg7 5 Bf4 0-0 6 e3.} 8. h3 {[#]} Nc7 $146 ({Predecessor:} 8... e6 9. c5 Nb8 10. Qa3 Nbd7 11. Bd3 b6 12. cxb6 Qxb6 13. O-O Re8 14. Bd6 Bf8 15. Bxf8 Rxf8 {1-0 (38) Pavlovic,M (2494)-Vulin,M (2080) Belgrade 2010}) 9. Rc1 dxc4 {White is slightly better.} 10. Bxc4 Ncd5 11. Be5 Nb6 12. Be2 Be6 13. Qc2 Bc4 14. O-O Bxe2 15. Qxe2 Nbd7 16. Rfd1 Qb6 17. Bh2 Rfc8 18. Qc4 e6 19. Nd2 ({White should play} 19. Qe2 $14) 19... Qd8 (19... Qxb2 $11 20. Qd3 Qa3) 20. Nde4 Nxe4 21. Nxe4 Qb6 (21... Bf8 $14) 22. Nd6 $16 Rd8 23. b4 Nf6 {[#]} 24. a4 $1 {[%cal Ba2a4,Ba4a5,Ba5a6][%mdl 32]} Ne8 25. Nxe8 Rxe8 {[#]} 26. a5 $1 {[%cal Ra5b6]} Qd8 27. a6 Re7 28. Bg3 h6 29. Be5 (29. Rd3 {looks sharper.} Qd5 30. Qxd5 cxd5 31. b5 bxa6 32. bxa6 e5 33. dxe5 Bxe5 34. Bxe5 Rxe5 35. Rc7) 29... Bxe5 30. dxe5 Rd7 31. Rxd7 Qxd7 32. axb7 Qxb7 $14 {[%mdl 4096] Endgame KQR-KQR} 33. Qf4 (33. Qxc6 $14 Qxc6 34. Rxc6) 33... Kh7 34. h4 a5 {The position is equal.} 35. bxa5 Rxa5 36. e4 Qc7 37. Rxc6 Ra1+ ({Reject} 37... Qxc6 38. Qxf7+ Kh8 39. Qf6+ Kh7 40. Qe7+ Kh8 41. Qd8+ Kg7 42. Qxa5 $16) 38. Kh2 Qxc6 39. Qxf7+ Kh8 40. Qf8+ Kh7 41. Qf7+ Kh8 42. Qf8+ Kh7 43. Qf7+ {Accuracy: White = 78%, Black = 79%.} 1/2-1/2

[Event "Silkway Cup"]
[Site "T#646345FIDE"]
[Date "2020.05.28"]
[Round "13"]
[White "SuleymanliAydin1"]
[Black "Kutiktau"]
[Result "1-0"]
[WhiteElo "2217"]
[BlackElo "2674"]
[Annotator "TA"]
[PlyCount "139"]
[EventDate "2020.05.28"]
[EventType "swiss (blitz)"]

{[%evp 9,139,63,70,12,85,-5,-12,-5,-37,-42,-53,-50,-22,-41,-33,-29,-27,-56,-60,-68,10,0,19,32,36,35,44,28,20,15,32,32,66,66,80,0,-1,-23,-23,-25,-25,-35,-37,-34,-37,-176,-36,-47,36,36,37,38,62,24,77,24,78,28,77,20,77,72,112,110,111,62,62,52,52,53,53,0,24,6,27,6,0,0,0,0,0,0,0,0,0,0,54,54,54,54,54,54,54,54,54,54,243,236,236,224,236,236,385,385,398,397,513,229,384,231,4133,3959,4562,1997,1916,1883,29979,5114,29989,29990,29990,29991,29991,29992,29993,29994,29994,29995,29996,29997,29997,5695]} 1. d4 Nf6 2. c4 c5 3. d5 g6 4. Nc3 Bg7 5. e4 O-O 6. f4 {E70: King's Indian: Miscellaneous lines with 4 e4, including 5 Nge2 and 5 Bd3 0-0 6 Nge2.} (6. Nf3 $14) 6... e6 (6... d6 $11 {keeps the balance.}) 7. Bd3 (7. e5 $16) 7... exd5 $11 8. cxd5 {The position is equal.} d6 9. Nge2 Re8 10. O-O Na6 11. h3 c4 12. Bc2 Nc5 {[%cal Rc5e4]} 13. Ng3 {[#]} b5 $146 ({Predecessor:} 13... Bd7 14. Be3 Qc8 15. Qf3 Re7 16. Rae1 b5 17. e5 dxe5 18. fxe5 Rxe5 19. Bd4 Rxe1 20. Rxe1 {1-0 (41) Mamedjarova,Z (2372)-Ayaz,I (2011) Izmir 2003}) 14. a3 a6 (14... a5 $15) 15. Qf3 Bb7 16. Be3 Rc8 17. Rad1 Nfd7 18. e5 dxe5 19. f5 {[#]} e4 $1 {[%mdl 512]} 20. Ngxe4 (20. Bxe4 Ne5) 20... Ne5 21. Qg3 Nxe4 22. Nxe4 (22. Bxe4 $16 Nd7 23. Qf3 (23. fxg6 fxg6 24. Bg5 Qb6+ 25. Be3 Be5 $11)) 22... Nd3 $1 $36 {[%mdl 2048] White is under pressure.} 23. Bxd3 (23. fxg6 {looks sharper.} fxg6 24. Bxd3 cxd3 25. Nc3 a5 26. Bf2) 23... cxd3 24. Nc3 Rxc3 {[%mdl 64] Remove Defender} 25. bxc3 Qxd5 26. Rf2 Bxc3 27. f6 (27. Bb6 $15) 27... Bxf6 (27... h5 $1 $19 {...a5 is the strong threat.} 28. Kh1 Bc6) 28. Ba7 $15 (28. Rxf6 Rxe3 29. Qb8+ Kg7 $1 $17 {[%mdl 512]}) 28... Bd4 (28... Bd8 $15) 29. Bxd4 $1 $14 Qxd4 30. Rxd3 Qe4 31. Kh2 {[%mdl 1024] White has compensation.} h5 (31... Bd5 $11) 32. Rdd2 (32. Rd6 $16) 32... Qc4 (32... Bd5 $11) 33. Qf4 (33. Rd7 $5 {[%cal Rd7b7]} Bd5 34. Rd6 $16) 33... Bd5 34. Rd4 ({White should play} 34. Qd6 $1 $16 Bb7 35. Rf4) 34... Qc6 {[#]} (34... Qc5 $11) 35. Rfd2 $1 $16 Bc4 36. Rd8 Kh7 37. Rxe8 (37. R2d7 {feels hotter.} Qe6 38. Rxe8 Qxe8 39. Qd4 Qb8+ 40. Kg1) 37... Qxe8 {[%mdl 4096] Endgame KQR-KQB} 38. Rd6 a5 39. Qf6 {aiming for Rd8.} Qh8 40. Qf4 (40. Qxh8+ $14 Kxh8 41. Ra6) 40... a4 41. Rd7 Qg7 42. Rc7 Qb2 43. h4 Kg7 44. Qd6 Qf6 45. Qg3 Qd4 46. Re7 b4 47. axb4 a3 (47... Be6 $1 $11) 48. Qe5+ $14 Qxe5+ 49. Rxe5 {KR-KB} a2 50. Ra5 Kf6 51. Kg3 Ke6 52. Kf4 f6 $2 {Black is now going downhill.} (52... Kd7 $14) 53. g3 Kd6 54. Ke3 g5 55. Kd4 (55. hxg5 fxg5 56. Kd4 Bf7 $11) 55... Bg8 (55... Be6 {keeps fighting.} 56. b5 (56. hxg5 fxg5 57. Kc3 Bd5 $18) 56... Kc7) 56. Kc3 $18 gxh4 57. gxh4 f5 {intending ...f4.} 58. Kb2 (58. Kd4 $142 Be6 59. Ra6+ Kc7 60. b5) 58... Be6 $2 (58... Bd5 59. Ra6+ Ke5) 59. Ra6+ Ke5 $2 {[#]} (59... Kd7 60. b5 f4) 60. b5 $1 {[%cal Rb5b6]} Bc4 61. Ra4 (61. Ra7 $142 Bxb5 62. Ra5 (62. Rxa2 Kf4 $11) (62. Kxa2 Kd4 $11)) 61... Bd5 62. b6 f4 63. Ra5 f3 64. b7 $1 {White mates.} f2 65. b8=Q+ Ke4 66. Qf8 Ke3 67. Rxd5 a1=Q+ 68. Kxa1 f1=Q+ 69. Qxf1 Ke4 70. Qf5+ {Accuracy: White = 67%, Black = 50%.} (70. Qd3+ $142 Kf4 71. Kb2 Kg4 72. Rd4#) 1-0

[Event "Silkway Cup"]
[Site "T#646345FIDE"]
[Date "2020.05.28"]
[Round "13"]
[White "Gul91"]
[Black "Chepaschess"]
[Result "0-1"]
[WhiteElo "2070"]
[BlackElo "2185"]
[Annotator "NA"]
[PlyCount "128"]
[EventDate "2020.05.28"]
[EventType "swiss (blitz)"]

1. e4 {[%emt 0:00:02]} c6 {[%emt 0:00:03]} 2. d4 {[%emt 0:00:02]} d5 {[%emt 0:00:02]} 3. e5 {[%emt 0:00:03]} c5 {[%emt 0:00:01]} 4. dxc5 {[%emt 0:00:02]} e6 {[%emt 0:00:02]} 5. Nf3 {[%emt 0:00:02]} Bxc5 {[%emt 0:00:01]} 6. Bd3 {[%emt 0:00:01]} Ne7 {[%emt 0:00:02]} 7. O-O {[%emt 0:00:06]} Ng6 {[%emt 0:00:01]} 8. Qe2 {[%emt 0:00:04]} Nc6 {[%emt 0:00:09]} 9. c3 {[%emt 0:00:18]} Qc7 {[%emt 0:00:06]} 10. Re1 {[%emt 0:00:01]} O-O {[%emt 0:00:01]} 11. Bxg6 {[%emt 0:00:25]} fxg6 {[%emt 0:00:14]} 12. Nbd2 {[%emt 0:00:05]} a5 {[%emt 0:00:29]} 13. Nb3 {[%emt 0:00:05]} b6 {[%emt 0:00:01]} 14. Nxc5 {[%emt 0:00:20]} bxc5 {[%emt 0:00:00]} 15. Be3 {[%emt 0:00:14]} Ba6 {[%emt 0:00:05]} 16. Qd2 {[%emt 0:00:01]} Rxf3 {[%emt 0:00:09]} 17. gxf3 {[%emt 0:00:02]} Nxe5 {[%emt 0:00:03]} 18. Bf4 {[%emt 0:00:15]} Nxf3+ {[%emt 0:00:06]} 19. Kg2 {[%emt 0:00:03]} Nxe1+ {[%emt 0:00:09]} 20. Rxe1 {[%emt 0:00:02]} Qd7 {[%emt 0:00:02]} 21. Be5 {[%emt 0:00:05]} d4 {[%emt 0:00:04]} 22. cxd4 {[%emt 0:00:03]} Bb7+ {[%emt 0:00:01]} 23. f3 {[%emt 0:00:01]} Qd5 {[%emt 0:00:03]} 24. Qe3 {[%emt 0:00:10]} Rf8 {[%emt 0:00:03]} 25. Rf1 {[%emt 0:00:06]} cxd4 {[%emt 0:00:11]} 26. Qxd4 {[%emt 0:00:14]} Qxd4 {[%emt 0:00:11]} 27. Bxd4 {[%emt 0:00:01]} g5 {[%emt 0:00:06]} 28. Kg3 {[%emt 0:00:04]} h5 {[%emt 0:00:07]} 29. f4 {[%emt 0:00:09]} Rd8 {[%emt 0:00:04]} 30. Bc3 {[%emt 0:00:05]} Rd3+ {[%emt 0:00:02]} 31. Kf2 {[%emt 0:00:01]} gxf4 {[%emt 0:00:03]} 32. Bxa5 {[%emt 0:00:02]} e5 {[%emt 0:00:06]} 33. Bc7 {[%emt 0:00:02]} Rd2+ {[%emt 0:00:14]} 34. Ke1 {[%emt 0:00:02]} Rxb2 {[%emt 0:00:11]} 35. Bxe5 {[%emt 0:00:02]} Rxh2 {[%emt 0:00:10]} 36. Rg1 {[%emt 0:00:08]} Ba6 {[%emt 0:00:23]} 37. Rxg7+ {[%emt 0:00:04]} Kf8 {[%emt 0:00:01]} 38. Ra7 {[%emt 0:00:09]} Re2+ {[%emt 0:00:04]} 39. Kd1 {[%emt 0:00:03]} Rxa2 {[%emt 0:00:05]} 40. Bd6+ {[%emt 0:00:10]} Kg8 {[%emt 0:00:04]} 41. Ra8+ {[%emt 0:00:19]} Kh7 {[%emt 0:00:01]} 42. Ke1 {[%emt 0:00:06]} f3 {[%emt 0:00:02]} 43. Bc5 {[%emt 0:00:02]} Re2+ {[%emt 0:00:08]} 44. Kd1 {[%emt 0:00:02]} Bd3 {[%emt 0:00:02]} 45. Rf8 {[%emt 0:00:01]} Be4 {[%emt 0:00:03]} 46. Rf7+ {[%emt 0:00:01]} Kg6 {[%emt 0:00:01]} 47. Rf8 {[%emt 0:00:00]} Bc2+ {[%emt 0:00:05]} 48. Kc1 {[%emt 0:00:02]} Bf5 {[%emt 0:00:00]} 49. Rg8+ {[%emt 0:00:02]} Kf7 {[%emt 0:00:01]} 50. Rg5 {[%emt 0:00:01]} Rc2+ {[%emt 0:00:01]} 51. Kd1 {[%emt 0:00:02]} Rxc5 {[%emt 0:00:00]} 52. Kd2 {[%emt 0:00:01]} Rd5+ {[%emt 0:00:05]} 53. Ke3 {[%emt 0:00:01]} Be6 {[%emt 0:00:01]} 54. Rg1 {[%emt 0:00:03]} Rf5 {[%emt 0:00:01]} 55. Kf2 {[%emt 0:00:01]} Kf6 {[%emt 0:00:02]} 56. Rh1 {[%emt 0:00:01]} Bd5 {[%emt 0:00:02]} 57. Rd1 {[%emt 0:00:02]} Rg5 {[%emt 0:00:01]} 58. Ke3 {[%emt 0:00:03]} Ke5 {[%emt 0:00:02]} 59. Ra1 {[%emt 0:00:01]} Rg2 {[%emt 0:00:04]} 60. Ra7 {[%emt 0:00:02]} Re2+ {[%emt 0:00:01]} 61. Kd3 {[%emt 0:00:01]} Be4+ {[%emt 0:00:00]} 62. Kc3 {[%emt 0:00:03]} f2 {[%emt 0:00:01]} 63. Rf7 {[%emt 0:00:02]} Bf5 {[%emt 0:00:04]} 64. Re7+ {[%emt 0:00:02]} Be6 {[%emt 0:00:01] Gul91 resigns (Lag: Av=0.75s, max=1.3s)} 0-1

[Event "Silkway Cup"]
[Site "T#646345FIDE"]
[Date "2020.05.28"]
[Round "13"]
[White "Ahmadzada"]
[Black "Nanadzagnidze"]
[Result "1/2-1/2"]
[WhiteElo "1980"]
[BlackElo "1978"]
[PlyCount "94"]
[EventDate "2020.05.28"]
[EventType "swiss (blitz)"]

1. e4 {[%emt 0:00:01]} c5 {[%emt 0:00:02]} 2. Nf3 {[%emt 0:00:01]} Nc6 {[%emt 0:00:02]} 3. Nc3 {[%emt 0:00:01]} e6 {[%emt 0:00:07]} 4. d4 {[%emt 0:00:02]} cxd4 {[%emt 0:00:02]} 5. Nxd4 {[%emt 0:00:00]} Qc7 {[%emt 0:00:01]} 6. g3 {[%emt 0:00:01]} Nf6 {[%emt 0:00:10]} 7. Bg2 {[%emt 0:00:01]} a6 {[%emt 0:00:02]} 8. O-O {[%emt 0:00:02]} Bc5 {[%emt 0:00:10]} 9. Nb3 {[%emt 0:00:07]} Be7 {[%emt 0:00:02]} 10. f4 {[%emt 0:00:02]} d6 {[%emt 0:00:02]} 11. g4 {[%emt 0:00:01]} h6 {[%emt 0:00:05]} 12. a4 {[%emt 0:00:15]} Bd7 {[%emt 0:00:16]} 13. a5 {[%emt 0:00:13]} Nb4 {[%emt 0:00:35]} 14. Be3 {[%emt 0:00:07]} Bc6 {[%emt 0:00:09]} 15. Rf2 {[%emt 0:00:23]} Nd7 {[%emt 0:00:07]} 16. Qd4 {[%emt 0:00:06]} d5 {[%emt 0:00:05]} 17. e5 {[%emt 0:00:10]} Bb5 {[%emt 0:00:08]} 18. Re1 {[%emt 0:00:38]} Bc4 {[%emt 0:00:08]} 19. f5 {[%emt 0:00:19]} Bxb3 {[%emt 0:00:39]} 20. cxb3 {[%emt 0:00:04]} Bc5 {[%emt 0:00:12]} 21. Qd2 {[%emt 0:00:17]} O-O-O {[%emt 0:00:18]} 22. Na4 {[%emt 0:00:09]} Bxe3 {[%emt 0:00:02]} 23. Qxe3 {[%emt 0:00:03]} Nc6 {[%emt 0:00:02]} 24. fxe6 {[%emt 0:00:02]} fxe6 {[%emt 0:00:01]} 25. Rf7 {[%emt 0:00:01]} Qxe5 {[%emt 0:00:01]} 26. Qf2 {[%emt 0:00:30]} Qd6 {[%emt 0:00:07]} 27. Rxg7 {[%emt 0:00:08]} Rhf8 {[%emt 0:00:04]} 28. Qe3 {[%emt 0:00:02]} e5 {[%emt 0:00:06]} 29. Rxd7 {[%emt 0:00:06]} Rxd7 {[%emt 0:00:01]} 30. Nb6+ {[%emt 0:00:01]} Kb8 {[%emt 0:00:01]} 31. Nxd7+ {[%emt 0:00:01]} Qxd7 {[%emt 0:00:01]} 32. Qxh6 {[%emt 0:00:00]} Re8 {[%emt 0:00:04]} 33. g5 {[%emt 0:00:01]} e4 {[%emt 0:00:01]} 34. g6 {[%emt 0:00:01]} Qg4 {[%emt 0:00:02]} 35. Rf1 {[%emt 0:00:10]} Ne5 {[%emt 0:00:03]} 36. g7 {[%emt 0:00:01]} Nf3+ {[%emt 0:00:02]} 37. Kh1 {[%emt 0:00:01]} Rg8 {[%emt 0:00:01]} 38. Qd6+ {[%emt 0:00:02]} Ka8 {[%emt 0:00:02]} 39. Qf8+ {[%emt 0:00:01]} Ka7 {[%emt 0:00:02]} 40. Qxg8 {[%emt 0:00:01]} Nh4 {[%emt 0:00:10] '} 41. Rg1 {[%emt 0:00:05]} Nxg2 {[%emt 0:00:01]} 42. Rxg2 {[%emt 0:00:00]} Qd1+ {[%emt 0:00:01]} 43. Rg1 {[%emt 0:00:00]} Qf3+ {[%emt 0:00:01]} 44. Rg2 {[%emt 0:00:00]} Qf1+ {[%emt 0:00:01]} 45. Rg1 {[%emt 0:00:01]} Qf3+ {[%emt 0:00:01]} 46. Rg2 {[%emt 0:00:00]} Qf1+ {[%emt 0:00:02]} 47. Rg1 {[%emt 0:00:00]} Qf3+ {[%emt 0:00:02] (Lag: Av=0.96s, max=2.6s)} 1/2-1/2

[Event "Silkway Cup"]
[Site "T#646345FIDE"]
[Date "2020.05.28"]
[Round "13"]
[White "NikaVolkov"]
[Black "Eltaj Safarli"]
[Result "1-0"]
[WhiteElo "1972"]
[BlackElo "2650"]
[PlyCount "101"]
[EventDate "2020.05.28"]
[EventType "swiss (blitz)"]

1. d4 {[%emt 0:00:03]} Nf6 {[%emt 0:00:01]} 2. c4 {[%emt 0:00:01]} g6 {[%emt 0:00:01]} 3. Nc3 {[%emt 0:00:01]} d5 {[%emt 0:00:00]} 4. cxd5 {[%emt 0:00:04]} Nxd5 {[%emt 0:00:00]} 5. Bd2 {[%emt 0:00:00]} Bg7 {[%emt 0:00:03]} 6. Nf3 {[%emt 0:00:01]} O-O {[%emt 0:00:03]} 7. e3 {[%emt 0:00:02]} c5 {[%emt 0:00:04]} 8. e4 {[%emt 0:00:45]} Nxc3 {[%emt 0:00:08]} 9. Bxc3 {[%emt 0:00:02]} cxd4 {[%emt 0:00:15]} 10. Nxd4 {[%emt 0:00:08]} Qb6 {[%emt 0:00:02]} 11. Nb3 {[%emt 0:00:22]} Bxc3+ {[%emt 0:00:02]} 12. bxc3 {[%emt 0:00:00]} Nc6 {[%emt 0:00:13]} 13. Be2 {[%emt 0:00:02]} Be6 {[%emt 0:00:03]} 14. O-O {[%emt 0:00:05]} Rac8 {[%emt 0:00:02]} 15. Rb1 {[%emt 0:00:08]} Bxb3 {[%emt 0:00:23]} 16. axb3 {[%emt 0:00:09]} Rfd8 {[%emt 0:00:01]} 17. Qc1 {[%emt 0:00:01]} Nd4 {[%emt 0:00:07]} 18. Bd1 {[%emt 0:00:39]} Qf6 {[%emt 0:00:09]} 19. c4 {[%emt 0:00:23]} Nc6 {[%emt 0:00:01]} 20. Qe3 {[%emt 0:00:10]} Qd4 {[%emt 0:00:11]} 21. Qf4 {[%emt 0:00:02]} Qe5 {[%emt 0:00:10]} 22. Qe3 {[%emt 0:00:05]} Rd4 {[%emt 0:00:01]} 23. Bf3 {[%emt 0:00:01]} a5 {[%emt 0:00:04]} 24. h3 {[%emt 0:00:02]} Rcd8 {[%emt 0:00:01]} 25. Rfd1 {[%emt 0:00:09]} h5 {[%emt 0:00:06]} 26. Rxd4 {[%emt 0:00:01]} Rxd4 {[%emt 0:00:00]} 27. Rd1 {[%emt 0:00:01]} Qd6 {[%emt 0:00:10]} 28. Rxd4 {[%emt 0:00:07]} Qxd4 {[%emt 0:00:02]} 29. Qg5 {[%emt 0:00:05]} Qa1+ {[%emt 0:00:06]} 30. Kh2 {[%emt 0:00:01]} Qe5+ {[%emt 0:00:00]} 31. Qxe5 {[%emt 0:00:02]} Nxe5 {[%emt 0:00:00]} 32. Bd1 {[%emt 0:00:01]} Nd3 {[%emt 0:00:09]} 33. Kg3 {[%emt 0:00:05]} e5 {[%emt 0:00:01]} 34. Kf3 {[%emt 0:00:03]} Kf8 {[%emt 0:00:03]} 35. Ke3 {[%emt 0:00:01]} Nf4 {[%emt 0:00:10]} 36. g3 {[%emt 0:00:11]} Nxh3 {[%emt 0:00:01]} 37. f4 {[%emt 0:00:00]} h4 {[%emt 0:00:10]} 38. Bg4 {[%emt 0:00:06]} Ng1 {[%emt 0:00:22]} 39. gxh4 {[%emt 0:00:01]} exf4+ {[%emt 0:00:06]} 40. Kf2 {[%emt 0:00:02]} Ke7 {[%emt 0:00:03]} 41. Kxg1 {[%emt 0:00:01]} Kd6 {[%emt 0:00:00]} 42. Kf2 {[%emt 0:00:00]} Ke5 {[%emt 0:00:04]} 43. Kf3 {[%emt 0:00:02]} b6 {[%emt 0:00:00]} 44. Bd7 {[%emt 0:00:01]} f6 {[%emt 0:00:09]} 45. Be8 {[%emt 0:00:01]} g5 {[%emt 0:00:00]} 46. h5 {[%emt 0:00:01]} f5 {[%emt 0:00:00]} 47. exf5 {[%emt 0:00:05]} Kxf5 {[%emt 0:00:00]} 48. Bg6+ {[%emt 0:00:01]} Kf6 {[%emt 0:00:03]} 49. Bd3 {[%emt 0:00:03]} Kg7 {[%emt 0:00:02]} 50. Kg4 {[%emt 0:00:01]} Kh6 {[%emt 0:00:01]} 51. Be4 {[%emt 0:00:00] Eltaj Safarli resigns (Lag: Av=0.46s, max=1.1s)} 1-0

[Event "Silkway Cup"]
[Site "T#646345FIDE"]
[Date "2020.05.28"]
[Round "13"]
[White "KTsa"]
[Black "Belusi"]
[Result "0-1"]
[WhiteElo "1798"]
[BlackElo "2381"]
[PlyCount "84"]
[EventDate "2020.05.28"]
[EventType "swiss (blitz)"]

1. d4 {[%emt 0:00:02]} Nf6 {[%emt 0:00:02]} 2. Nf3 {[%emt 0:00:02]} g6 {[%emt 0:00:01]} 3. c4 {[%emt 0:00:01]} Bg7 {[%emt 0:00:01]} 4. Nc3 {[%emt 0:00:01]} d5 {[%emt 0:00:01]} 5. cxd5 {[%emt 0:00:01]} Nxd5 {[%emt 0:00:01]} 6. e4 {[%emt 0:00:00]} Nxc3 {[%emt 0:00:01]} 7. bxc3 {[%emt 0:00:00]} c5 {[%emt 0:00:01]} 8. Be2 {[%emt 0:00:04]} Nc6 {[%emt 0:00:06]} 9. Rb1 {[%emt 0:00:08]} cxd4 {[%emt 0:00:08]} 10. cxd4 {[%emt 0:00:03]} Nxd4 {[%emt 0:00:35]} 11. Nxd4 {[%emt 0:00:05]} Qxd4 {[%emt 0:00:02]} 12. Bb5+ {[%emt 0:00:26]} Bd7 {[%emt 0:00:08]} 13. Qxd4 {[%emt 0:00:03]} Bxd4 {[%emt 0:00:02]} 14. Bxd7+ {[%emt 0:00:01]} Kxd7 {[%emt 0:00:02]} 15. Rxb7+ {[%emt 0:00:01]} Ke6 {[%emt 0:00:05]} 16. Rb3 {[%emt 0:00:04]} Rhc8 {[%emt 0:00:09]} 17. O-O {[%emt 0:00:16]} Rc2 {[%emt 0:00:05]} 18. Be3 {[%emt 0:00:28]} Bxe3 {[%emt 0:00:04]} 19. Rxe3 {[%emt 0:00:01]} Rxa2 {[%emt 0:00:02]} 20. Rc1 {[%emt 0:00:02]} Rc8 {[%emt 0:00:09]} 21. Rb1 {[%emt 0:00:09]} Rcc2 {[%emt 0:00:04]} 22. Rf3 {[%emt 0:00:01]} Re2 {[%emt 0:00:07]} 23. g3 {[%emt 0:00:09]} Rxe4 {[%emt 0:00:03]} 24. Rb7 {[%emt 0:00:13]} Ree2 {[%emt 0:00:07]} 25. h4 {[%emt 0:00:08]} f5 {[%emt 0:00:06]} 26. Rb5 {[%emt 0:00:08]} Kf6 {[%emt 0:00:04]} 27. h5 {[%emt 0:00:04]} e5 {[%emt 0:00:07]} 28. hxg6 {[%emt 0:00:12]} hxg6 {[%emt 0:00:02]} 29. g4 {[%emt 0:00:01]} e4 {[%emt 0:00:16]} 30. Rg3 {[%emt 0:00:59]} Rxf2 {[%emt 0:00:06]} 31. g5+ {[%emt 0:00:01]} Ke6 {[%emt 0:00:02]} 32. Rc5 {[%emt 0:00:02]} Rfc2 {[%emt 0:00:02]} 33. Rxc2 {[%emt 0:00:03]} Rxc2 {[%emt 0:00:02]} 34. Ra3 {[%emt 0:00:00]} f4 {[%emt 0:00:02]} 35. Rxa7 {[%emt 0:00:04]} Kf5 {[%emt 0:00:01]} 36. Ra5+ {[%emt 0:00:01]} Kg4 {[%emt 0:00:01]} 37. Kf1 {[%emt 0:00:01]} e3 {[%emt 0:00:02]} 38. Kg1 {[%emt 0:00:01]} f3 {[%emt 0:00:02]} 39. Ra3 {[%emt 0:00:02]} Rc1+ {[%emt 0:00:08]} 40. Kh2 {[%emt 0:00:01]} e2 {[%emt 0:00:05]} 41. Re3 {[%emt 0:00:15]} Kf4 {[%emt 0:00:04]} 42. Rxf3+ {[%emt 0:00:03]} Kxf3 {[%emt 0:00:02] Time (Lag: Av=0.61s, max=1.2s)} 0-1

[Event "Silkway Cup"]
[Site "T#646345FIDE"]
[Date "2020.05.28"]
[Round "13"]
[White "Ulka96"]
[Black "HasanzadeT"]
[Result "0-1"]
[WhiteElo "1788"]
[BlackElo "1821"]
[Annotator "NA"]
[PlyCount "46"]
[EventDate "2020.05.28"]
[EventType "swiss (blitz)"]

1. b3 {[%emt 0:00:03]} e5 {[%emt 0:00:03]} 2. Bb2 {[%emt 0:00:01]} Nc6 {[%emt 0:00:02]} 3. g3 {[%emt 0:00:01]} Nf6 {[%emt 0:00:02]} 4. Bg2 {[%emt 0:00:01]} d5 {[%emt 0:00:05]} 5. e3 {[%emt 0:00:01]} g6 {[%emt 0:00:06]} 6. Ne2 {[%emt 0:00:01]} Bg7 {[%emt 0:00:02]} 7. O-O {[%emt 0:00:04]} O-O {[%emt 0:00:02]} 8. f4 {[%emt 0:00:01]} Re8 {[%emt 0:00:07]} 9. fxe5 {[%emt 0:00:05]} Nxe5 {[%emt 0:00:05]} 10. Nbc3 {[%emt 0:00:01]} c6 {[%emt 0:00:03]} 11. h3 {[%emt 0:00:13]} Bf5 {[%emt 0:00:22]} 12. Nd4 {[%emt 0:00:11]} Be4 {[%emt 0:00:02]} 13. Nxe4 {[%emt 0:00:09]} Nxe4 {[%emt 0:00:05]} 14. Qe1 {[%emt 0:00:38]} h5 {[%emt 0:00:32]} 15. d3 {[%emt 0:00:32]} Nd6 {[%emt 0:00:03]} 16. Qf2 {[%emt 0:00:03]} Qg5 {[%emt 0:00:20]} 17. Rae1 {[%emt 0:00:15]} Rad8 {[%emt 0:00:19]} 18. Bc1 {[%emt 0:00:03]} c5 {[%emt 0:00:10]} 19. Nf3 {[%emt 0:00:07]} Nxf3+ {[%emt 0:00:03]} 20. Qxf3 {[%emt 0:00:04]} Qe5 {[%emt 0:00:17]} 21. Qxd5 {[%emt 0:00:13]} Qxg3 {[%emt 0:00:05]} 22. Qxc5 {[%emt 0:00:03]} Be5 {[%emt 0:00:10]} 23. Rf3 {[%emt 0:00:10]} Qxe1+ {[%emt 0:00:02] Ulka96 resigns (Lag: Av=0.62s, max=1.1s)} 0-1